Management systems for construction. (Record no. 100463)

MARC details
000 -LEADER
fixed length control field 00991cam a2200277 4500
008 - FIXED-LENGTH DATA ELEMENTS--GENERAL INFORMATION
fixed length control field 000000n2000 000 0 eng u
020 ## - INTERNATIONAL STANDARD BOOK NUMBER
International Standard Book Number 0582319277
035 ## - SYSTEM CONTROL NUMBER
System control number (Sirsi) u105642
050 ## - LIBRARY OF CONGRESS CALL NUMBER
Classification number 658.99
100 ## - MAIN ENTRY--PERSONAL NAME
Personal name Griffith, Alan
245 ## - TITLE STATEMENT
Title Management systems for construction.
260 ## - PUBLICATION, DISTRIBUTION, ETC.
Place of publication, distribution, etc. Harlow
Name of publisher, distributor, etc. Longman
Date of publication, distribution, etc. 2000
300 ## - PHYSICAL DESCRIPTION
Extent xiv,353p. ; 25cm.
350 ## - PRICE (NR) (BK AM CF MU VM SE) [OBSOLETE]
Price 21.99
520 ## - SUMMARY, ETC.
Summary, etc. Published in collaboration with CIOB, the books is a guide to the six main management areas seen as essential to the success of construction projects; time, cost, quality, health and safety, environmental impact and information technology and communication.
650 ## - SUBJECT ADDED ENTRY--TOPICAL TERM
Topical term or geographic name entry element CHARTERED INSTITUTE OF BUILDING
650 ## - SUBJECT ADDED ENTRY--TOPICAL TERM
Topical term or geographic name entry element TIME MANAGEMENT
650 ## - SUBJECT ADDED ENTRY--TOPICAL TERM
Topical term or geographic name entry element FINANCIAL PLANNING
650 ## - SUBJECT ADDED ENTRY--TOPICAL TERM
Topical term or geographic name entry element COST CONTROL
650 ## - SUBJECT ADDED ENTRY--TOPICAL TERM
Topical term or geographic name entry element QUALITY SYSTEMS
650 ## - SUBJECT ADDED ENTRY--TOPICAL TERM
Topical term or geographic name entry element CONSTRUCTION INDUSTRY
690 ## - LOCAL SUBJECT ADDED ENTRY--TOPICAL TERM (OCLC, RLIN)
Topical term or geographic name as entry element BUILDING AND CONSTRUCTION-MANAGEMENT
700 ## - ADDED ENTRY--PERSONAL NAME
Personal name Stephenson, Paul
700 ## - ADDED ENTRY--PERSONAL NAME
Personal name Watson, Paul
942 ## - ADDED ENTRY ELEMENTS (KOHA)
Suppress in OPAC 0
Holdings
Withdrawn status Lost status Source of classification or shelving scheme Damaged status Not for loan Home library Current library Shelving location Date acquired Cost, normal purchase price Total Checkouts Full call number Barcode Date last seen Date last checked out Copy number Cost, replacement price Price effective from Koha item type
    Dewey Decimal Classification     London London Books 27/04/2000 21.99 40 658.99 GRI 30060889 06/08/2019 29/01/2010 1 21.99 06/08/2019 Book